Actresses on Two Long Running Series Quiz Stats

 Plays Quiz Updated Apr 12, 2019

Score 0/25 Timer 04:00
2 Plays Today
% Correct
Courteney Cox
92.4%
Calista Flockhart
86.6%
Julia Louis-Dreyfus
85.5%
Mayim Bialik
84.9%
Katey Sagal
81.8%
Bea Arthur
79.5%
Phylicia Rashad
79.4%
Melissa Joan Hart
79.3%
Edie Falco
75.6%
Alyson Hannigan
73.4%
Patricia Heaton
72.9%
Mary Tyler Moore
70.5%
Suzanne Somers
69.4%
% Correct
Alyssa Milano
68.4%
Grace Park
62.7%
Jane Leeves
59.3%
Kim Fields
57.8%
Allison Janney
55.3%
Julianna Margulies
54.2%
Jessica Walter
52.1%
Nicollette Sheridan
44.9%
Marla Gibbs
42.1%
Jennifer Morrison
41.5%
Tracee Ellis Ross
39%
Shelley Fabares
31.2%

You're not logged in!

Compare scores with friends on all Sporcle quizzes.
OR
Log In

Sporcle TV

Today on Sporcle TV


Watch our educational content, quiz creation guides, and fun videos on Sporcle TV.

Show Comments

Extras

Top Quizzes Today


Score Distribution

Your Account Isn't Verified!

In order to create a playlist on Sporcle, you need to verify the email address you used during registration. Go to your Sporcle Settings to finish the process.

Report this User

Report this user for behavior that violates our Community Guidelines.

Details: